Catechismus ex Decreto Concilii Trident ad Parochos (Record no. 125917)
[ view plain ]
| 000 -LEADER | |
|---|---|
| fixed length control field | 00435nam a22001337a 4500 |
| 008 - FIXED-LENGTH DATA ELEMENTS--GENERAL INFORMATION | |
| fixed length control field | 170104b xxu||||| |||| 00| 0 eng d |
| 050 ## - LIBRARY OF CONGRESS CALL NUMBER | |
| Classification number | BX1960. 1872 |
| 245 ## - TITLE STATEMENT | |
| Title | Catechismus ex Decreto Concilii Trident ad Parochos |
| Statement of responsibility, etc | Catholic Church |
| 260 ## - PUBLICATION, DISTRIBUTION, ETC. (IMPRINT) | |
| Place of publication, distribution, etc | Regensburg |
| Name of publisher, distributor, etc | Druck and Verlag |
| Date of publication, distribution, etc | 1872 |
| 300 ## - PHYSICAL DESCRIPTION | |
| Extent | vi, 449p. ; |
| Dimensions | 20cm. |
| 500 ## - GENERAL NOTE | |
| General note | In Latin and German |
| 650 ## - SUBJECT ADDED ENTRY--TOPICAL TERM | |
| Topical term or geographic name as entry element | Catholic Church |
| General subdivision | Catechisms |
| -- | Trent |
| 9 (RLIN) | 28195 |
| 942 ## - ADDED ENTRY ELEMENTS (KOHA) | |
| Source of classification or shelving scheme | Library of Congress Classification |
| Item type | Monograph ( Printed materials) |
| Withdrawn status | Lost status | Source of classification or shelving scheme | Damaged status | Not for loan | Collection code | Home library | Current library | Shelving location | Date acquired | Total Checkouts | Full call number | Barcode | Date last seen | Price effective from | Koha item type |
|---|---|---|---|---|---|---|---|---|---|---|---|---|---|---|---|
| Library of Congress Classification | Main Collection | ARRUPE LIBRARY | ARRUPE LIBRARY | Main Collection | 04/01/2017 | BX1960. 1872 | 46500021125 | 22/11/2017 | 04/01/2017 | Monograph ( Printed materials) |